Discrete Mathematics in Computer Science /

Salvato in:
Dettagli Bibliografici
Autore principale: Palko, Vladimír (Autore)
Natura: Libro
Lingua:inglese
Pubblicazione: Nitra : ForPress, 2014
Edizione:1. vyd.
Tags: Aggiungi Tag
Nessun Tag, puoi essere il primo ad aggiungerne!!

MARC

LEADER 00000nam a22000003a 4500
001 0076595
003 SK-STU
005 20191014100544.3
007 ta
008 191014s ----xo-----e------000-0-----d
020 |a 978-80-970719-9-8 
040 |a STU  |b slo 
041 0 |a eng 
044 |a xo 
080 |a 681.23 
100 1 |a Palko, Vladimír  |4 aut 
245 1 0 |a Discrete Mathematics in Computer Science /  |c aut. Vladimír Palko 
250 |a 1. vyd. 
260 |a Nitra :  |b ForPress,  |c 2014 
300 |a 163 s. 
996 |b 284EK90069  |c E* 90069  |l EE01  |s A  |a 24  |w 0076595_0001